000 00482nam a2200181Ia 4500
001 56173
008 080101n ii |||gr||||Z||||||465
020 _a81-271-6363-X
082 _a910.54
100 _aKhullar.,
_eD.R.,
245 0 _aINDIA :
_ba Comprehensive Geography /
_cD.R.Khullar .
_hTextual Documents
250 _aIst ed-2000.
260 _aLudhiana:
_bKalyani Publishers.
300 _a868p:
_c24cm.
653 _aHuman Geography
653 _aPG-Geog
942 _2ddc
_cBK
999 _c56097
_d56097